Stati confinanti più estesi - Quiz n°1 - Statistics

Statistiche generali
  • Questo quiz è stato fatto 17 volte
  • Il punteggio medio è 8 su 10
Statistiche sulle risposte
Nazione Nazione confinante più estesa % Corretto
Stati Uniti Canada
100%
Bhutan Cina
92%
Egitto Sudan
92%
Iraq Arabia Saudita
85%
Algeria Libia
77%
Repubblica del Congo Repubblica Democratica del Congo
77%
Ungheria Ucraina
77%
Etiopia Sudan
69%
Sierra Leone Guinea
54%
Repubblica Democratica del Congo Namibia
31%
Nessun quiz corrispondente trovato
Distribuzione punteggi
Percentuale di utenti per punteggio
Percentile per numero di risposta
I tuoi punteggi nel tempo
Non hai fatto questo quiz